00409nam a2200157Ia 4500003000400000008004100004040001600045082001300061100002200074245004200096260004000138300001000178490002600188650001500214650002200229GCL140319s9999 xx 000 0 eng d aGCL / cGCL04a843bM A1 aMAURIAC, FRANCOIS10aLES ANGES NOIRS / cMAURIAC, FRANCOIS a[S.N] : bBERNARD GRASSET ، c1990 a277 P aLES CAHIERS ROUGESv004aLITERATURE04aFRENCH LITERATURE